| 000 | 00438nam a22001337a 4500 | ||
|---|---|---|---|
| 008 | 160816b xxu||||| |||| 00| 0 eng d | ||
| 050 | _aBT440.B7 1968 | ||
| 100 |
_aBrandon, Samuel George Frederick _925051 |
||
| 245 |
_aThe Trial of Jesus of Narazeth _c/Samuel George Frederick Brandon |
||
| 260 |
_aLondon _bGranada Publishing Limited _c1968 |
||
| 300 |
_a290p.; _c20cm. |
||
| 650 |
_aJesus Christ _xTrial _925052 |
||
| 942 |
_2lcc _cMONOGRAPH |
||
| 999 |
_c125009 _d125009 |
||